000 005640000a22001810004500
020 _a0-7899-0401-2
041 0 _aSPA
082 0 4 _aG 266.02 S7665t
100 1 _aSpraggett, Daphne
245 1 0 _aTú puedes cambiar El mundo : Aprendiendo a orar por la gente alrededor del mundo : La versión familiar de Operación Mundial / Daphne Spraggett, Jill Johnstone
260 _aMiami : Unilit
300 _a126 Pag
001 12437
942 _cBK
999 _c41461
_d41461
336 _atexto
_btxt
_2rdacontent
337 _2rdamedia
_asin mediación
_bn
338 _2rdacarrier
_avolumen
_bnc